First aid: (Record no. 2180)

MARC details
000 -LEADER
fixed length control field 00660nam a22001937a 4500
005 - DATE AND TIME OF LATEST TRANSACTION
control field 20230630042153.0
008 - FIXED-LENGTH DATA ELEMENTS--GENERAL INFORMATION
fixed length control field 230630b |||||||| |||| 00| 0 eng d
020 ## - INTERNATIONAL STANDARD BOOK NUMBER
International Standard Book Number 978-621-418-026-4
082 ## - DEWEY DECIMAL CLASSIFICATION NUMBER
Classification number Fil. 616.0252 M743 2021
100 ## - MAIN ENTRY--PERSONAL NAME
Personal name Mogol, Adonis A.
Relator term author
245 ## - TITLE STATEMENT
Title First aid:
Remainder of title a citizen's response handbook /
Statement of responsibility, etc. Adonis A. Mogol
250 ## - EDITION STATEMENT
Edition statement 2nd ed.
260 ## - PUBLICATION, DISTRIBUTION, ETC.
Place of publication, distribution, etc. Quezon City:
Name of publisher, distributor, etc. Wiseman's Books Trading,
Date of publication, distribution, etc. c2021
300 ## - PHYSICAL DESCRIPTION
Extent ii, 251p.:
Other physical details ill.
504 ## - BIBLIOGRAPHY, ETC. NOTE
Bibliography, etc. note Includes bibliographical references
541 ## - IMMEDIATE SOURCE OF ACQUISITION NOTE
Accession number 7221 c.1, 7222 c.2, 7223 c.3
650 ## - SUBJECT ADDED ENTRY--TOPICAL TERM
Topical term or geographic name entry element First aids - Handbooks, manuals, etc.
650 ## - SUBJECT ADDED ENTRY--TOPICAL TERM
Topical term or geographic name entry element Medical emergencies - Handbooks, manuals, etc.
Holdings
Withdrawn status Lost status Source of classification or shelving scheme Damaged status Not for loan Home library Current library Date acquired Total Checkouts Full call number Barcode Date last seen Copy number Price effective from Koha item type
    Dewey Decimal Classification     ctu-moalboal ctu-moalboal 02/04/2022   Fil. 616.0252 M743 2021 7221 06/30/2023 1 06/30/2023 Books-Filipiniana
    Dewey Decimal Classification     ctu-moalboal ctu-moalboal 02/04/2022   Fil. 616.0252 M743 2021 7222 06/30/2023 2 06/30/2023 Books-Filipiniana
    Dewey Decimal Classification     ctu-moalboal ctu-moalboal 02/04/2022   Fil. 616.0252 M743 2021 7223 06/30/2023 3 06/30/2023 Books-Filipiniana